[Event "Ruhrgebiet Verbandsklasse Gruppe 1 1415"]
[Site "Germany"]
[Date "2014.10.19"]
[Round "2.2"]
[White "Henn, Marcus"]
[Black "Schwerdtfeger, Joachim"]
[Result "1-0"]
[WhiteElo "2022"]
[BlackElo "1922"]
[PlyCount "51"]
[EventDate "2014.09.21"]
[EventType "team-tourn"]
[EventRounds "9"]
[EventCountry "GER"]
[SourceTitle "EXT 2022"]
[Source "ChessBase"]
[SourceDate "2021.10.06"]
[SourceVersion "1"]
[SourceVersionDate "2021.10.06"]
[SourceQuality "1"]
[WhiteTeam "Recklinghausen Laeufer Ost"]
[BlackTeam "Oberhausen SW"]
[WhiteTeamCountry "GER"]
[BlackTeamCountry "GER"]

1. d4 d5 2. c4 e6 3. Nc3 c5 4. cxd5 exd5 5. Nf3 Nc6 6. g3 Nf6 7. Bg2 Be7 8. 0-0 0-0 9. b3 Bg4 10. dxc5 Bxc5 11. Na4 Bb6 12. Bb2 Re8 13. Nxb6 axb6 14. Re1 Qd6 15. Nd4 Rad8 16. Rc1 Rd7 17. Qc2 Nb4 18. Qb1 Na6 19. h3 Be6 20. Nf5 Bxf5 21. Qxf5 Qe6 22. Qg5 h6 23. Qf4 Ne4 24. h4 Qd6 25. Qg4 Nf6 26. Bxf6 1-0

[Event "Oberliga NRW 9899 II"]
[Site "Germany"]
[Date "1999.03.16"]
[Round "7.8"]
[White "Schwerdtfeger, Joachim"]
[Black "Mueller, Uwe"]
[Result "1/2-1/2"]
[WhiteElo "1880"]
[BlackElo "2045"]
[PlyCount "91"]
[EventDate "1998.10.10"]
[EventType "team"]
[EventRounds "9"]
[EventCountry "GER"]
[SourceTitle "EXT 2000"]
[Source "ChessBase"]
[SourceDate "1999.11.16"]
[SourceVersion "1"]
[SourceVersionDate "1999.11.16"]
[SourceQuality "1"]
[WhiteTeam "Derendorf"]
[BlackTeam "Elberfeld"]
[WhiteTeamCountry "GER"]
[BlackTeamCountry "GER"]

1. e4 d5 2. exd5 Nf6 3. c4 c6 4. d4 cxd5 5. Nc3 Nc6 6. Nf3 g6 7. cxd5 Nxd5 8. Bc4 Nb6 9. Bb3 Bg7 10. Be3 0-0 11. 0-0 Bg4 12. h3 Bxf3 13. Qxf3 Nxd4 14. Bxd4 Qxd4 15. Rad1 Qb4 16. Qxb7 e6 17. Qf3 a5 18. Rfe1 Rad8 19. Re4 Qc5 20. Rd3 Qc7 21. Re1 Rxd3 22. Qxd3 Rd8 23. Qe2 Bxc3 24. bxc3 Qxc3 25. Rd1 Rxd1+ 26. Qxd1 Kg7 27. g3 h5 28. h4 Qe5 29. Qd8 Qe1+ 30. Kg2 Qe4+ 31. Kg1 Qb4 32. Qc7 a4 33. Qe5+ Kh7 34. Bc2 Nc4 35. Qxh5+ Kg7 36. Qd1 a3 37. h5 Qd2 38. hxg6 Qxd1+ 39. Bxd1 Kxg6 40. Kf1 Kf5 41. Ke1 Ke4 42. Bh5 f6 43. Bf7 Kf5 44. f3 Nd6 45. Bg8 Nb5 46. Kd2 1/2-1/2